Sin Dios y sin el hombre : aproximación a la indiferencia religiosa /

Ensayo que da cuenta de la situación de indiferencia e incredulidad religiosa de los últimos años del siglo XX, provocada por el ambiente cultural posmoderno, y su problematización como respuesta para recuperar a Dios y al hombre, que pasa por un humanismo más solidario.

Gardado en:
Detalles Bibliográficos
Autor Principal: Regil Vélez, José Rafael de (autor)
Formato: Libro
Idioma:Lingua castelá
Publicado: Guadalajara, México : México : ITESO : Universidad Iberoamericana, 1997, c1997
Series:(Cuadernos de Fe y Cultura ; Realidad Religiosa) 4.
Temas:
Etiquetas: Engadir etiqueta
Sen Etiquetas, Sexa o primeiro en etiquetar este rexistro!

MARC

LEADER 00000nam^a2200000^a^4500
001 000062008
005 20250521000000.0
009 20260526115940.789
020 |a 968-859-277-3 
037 |a Acervo ITESO - Biblioteca 
041 |a ESP 
082 |a 261. 57  |b CUA V. 4 
100 |a Regil Vélez, José Rafael de  |e (autor) 
245 1 0 |a Sin Dios y sin el hombre :  |b aproximación a la indiferencia religiosa /  |c J. R. de Regil Vélez. 
264 4 |a Guadalajara, México :  |b ITESO :  |a México :  |b Universidad Iberoamericana,  |c 1997, c1997 
300 |a 63 p. 
336 |a texto  |b txt  |2 rdacontenido 
337 |a sin mediación  |b n  |2 rdamedio 
338 |a volumen  |b nc  |2 rdasoporte 
440 1 |a (Cuadernos de Fe y Cultura ;  |v 4.  |p Realidad Religiosa) 
520 |a Ensayo que da cuenta de la situación de indiferencia e incredulidad religiosa de los últimos años del siglo XX, provocada por el ambiente cultural posmoderno, y su problematización como respuesta para recuperar a Dios y al hombre, que pasa por un humanismo más solidario. 
649 |a XX 
650 |a Ateísmo -  |x Tema Principal 
650 |a Secularización -  |x Historia -  |y Siglo XX 
650 |a Modernidad y Posmodernidad 
650 |a Dios y Hombre 
650 |a Humanismo 
650 |a Iglesia Católica 
650 |a Catolicismo 
650 |a Cristianismo 
650 |a Religión 
910 |a Fondo General 
920 |a Impresos - Libros 
930 |a Colección General 
905 |a 101 
901 |a 0500015176  |b IT1  |c ACC  |u 20250521 
902 |a https://opac.biblio.iteso.mx/vufind/Record/000062008